000 00688cab a2200241 4500
001 WB3506-31
008 090401t1999 xxu||||| |||| 00| 0 eng d
035 _a(Sirsi) u91240
041 _aeng
245 _aAll the gossip up your street
260 _c1999
350 _a0
490 _aDaily Telegraph
_v6 February 1999, (1)
520 _aDiscusses http://www.upmystreet.com which provides residential property information for home-buyers by area or postcode.
650 _aHOMEBUYERS
650 _aHOUSE BUYERS
650 _aPOSTCODES
650 _aPROPERTY INFORMATION
650 _aRESIDENTIAL PROPERTY
_96266
690 _aHOUSING
942 _n0
948 _c11/02/1999
999 _c57894
_d57894